[Event "Torneo Magistral Mario Dario López"]
[Site "Santa Cruz BOL"]
[Date "2008.03.20"]
[Round "1.1"]
[White "Monroy Carrizo, Javier"]
[Black "Zambrana, Oswaldo"]
[Result "1-0"]
[WhiteElo "2242"]
[BlackElo "2492"]
[PlyCount "57"]
[EventDate "2008.03.20"]
[EventType "tourn"]
[EventRounds "9"]
[EventCountry "BOL"]
[EventCategory "4"]
[Source "lmi"]
[SourceDate "2008.03.20"]

1. d4 d5 2. Nf3 Nf6 3. g3 g6 4. Bg2 Bg7 5. b3 O-O 6. O-O Ne4 7. Bb2 c5 8. Na3
Nc6 9. c4 Nxd4 10. Nxd4 cxd4 11. cxd5 Nc3 12. Qd2 Nxd5 13. Bxd4 e5 14. Bc5 Nf4
15. Rad1 Qxd2 16. Rxd2 Nxg2 17. Bxf8 Bxf8 18. Rd8 b6 19. Nc4 Bb7 20. Rxa8 Bxa8
21. Nxe5 Bc5 22. Rd1 Kg7 23. h4 Bb4 24. Rd8 Be4 25. Rd4 Bb1 26. Rxb4 Ne1 27.
Rc4 Nc2 28. Rc7 Kf6 29. f4 1-0

[Event "Torneo Magistral Mario Dario López"]
[Site "Santa Cruz BOL"]
[Date "2008.03.20"]
[Round "1.2"]
[White "Trois, Francisco R.T"]
[Black "Lopez, Mario Iver"]
[Result "1-0"]
[WhiteElo "2352"]
[BlackElo "2279"]
[PlyCount "69"]
[EventDate "2008.03.20"]
[EventType "tourn"]
[EventRounds "9"]
[EventCountry "BOL"]
[EventCategory "4"]
[Source "lmi"]
[SourceDate "2008.03.20"]

1. d4 Nf6 2. Nf3 g6 3. c4 Bg7 4. Nc3 O-O 5. Bg5 d6 6. e3 c5 7. Be2 h6 8. Bh4
cxd4 9. Nxd4 Nc6 10. O-O Bd7 11. Rc1 Rc8 12. Qd2 a6 13. f3 Kh8 14. Rfd1 g5 15.
Bf2 Nxd4 16. exd4 Bf5 17. b4 Qd7 18. d5 Rg8 19. Bd3 Bxd3 20. Qxd3 g4 21. f4 Nh5
22. Ne2 g3 23. Bxg3 Nf6 24. Nd4 e6 25. dxe6 fxe6 26. Nf3 Qf7 27. c5 Nd5 28.
cxd6 Nxb4 29. Qe4 Nxa2 30. Ne5 Bxe5 31. Qxe5+ Kh7 32. Rxc8 Rxc8 33. d7 Rd8 34.
Qc7 Qh5 35. Rd2 1-0

[Event "Torneo Magistral Mario Dario López"]
[Site "Santa Cruz BOL"]
[Date "2008.03.20"]
[Round "1.3"]
[White "Ferrufino, Boris"]
[Black "Campero, Ronald"]
[Result "1/2-1/2"]
[WhiteElo "2199"]
[BlackElo "2262"]
[PlyCount "125"]
[EventDate "2008.03.20"]
[EventType "tourn"]
[EventRounds "9"]
[EventCountry "BOL"]
[EventCategory "4"]
[Source "lmi"]
[SourceDate "2008.03.20"]

1. d4 e6 2. Nf3 c5 3. c3 Nf6 4. Nbd2 cxd4 5. cxd4 d5 6. e3 Nc6 7. Bd3 Bd6 8.
O-O O-O 9. e4 dxe4 10. Nxe4 Nxe4 11. Bxe4 g6 12. Bh6 Re8 13. Rc1 Bd7 14. h4 Qa5
15. Qb3 Qb4 16. Qd3 f5 17. Bxc6 Bxc6 18. Qc3 Qxc3 19. Rxc3 Bxf3 20. Rxf3 Rac8
21. Bd2 e5 22. dxe5 Bxe5 23. Re1 Bxb2 24. Rxe8+ Rxe8 25. Rb3 Bd4 26. Rxb7 Re2
27. Be3 Bxe3 28. fxe3 Rxa2 29. Kh2 a5 30. Kg3 Ra4 31. Ra7 Rg4+ 32. Kf3 Rxh4 33.
Rxa5 Kg7 34. Ra7+ Kf6 35. Ra6+ Kg5 36. Ra7 h6 37. Ra6 Rb4 38. Rc6 Rb3 39. Ra6
Kh5 40. Ra5 Rb4 41. Rc5 Kh4 42. Ra5 Rg4 43. Rb5 Kg5 44. Ra5 h5 45. Rb5 h4 46.
Ra5 Rg3+ 47. Kf2 Kf6 48. Ra6+ Ke5 49. Ra5+ Kd6 50. Rb5 Rg4 51. Ra5 Kc6 52. Kf3
Kd6 53. Rb5 Ke6 54. Ra5 Kf6 55. Ra6+ Kg5 56. Ra5 Rb4 57. Rc5 Rb1 58. Ra5 Rf1+
59. Ke2 Rh1 60. Kf2 h3 61. gxh3 Rxh3 62. e4 Kf4 63. exf5 1/2-1/2

[Event "Torneo Magistral Mario Dario López"]
[Site "Santa Cruz BOL"]
[Date "2008.03.20"]
[Round "1.4"]
[White "Coelho, Luis Henrique"]
[Black "Sustach, Marcos Antonio"]
[Result "0-1"]
[WhiteElo "2392"]
[BlackElo "2254"]
[PlyCount "132"]
[EventDate "2008.03.20"]
[EventType "tourn"]
[EventRounds "9"]
[EventCountry "BOL"]
[EventCategory "4"]
[Source "lmi"]
[SourceDate "2008.03.20"]

1. d4 Nf6 2. c4 c5 3. d5 b5 4. cxb5 a6 5. bxa6 Bxa6 6. g3 d6 7. Bg2 g6 8. Nf3
Bg7 9. Nc3 Nbd7 10. Rb1 O-O 11. O-O Qa5 12. Bd2 Rfb8 13. Qc2 Ng4 14. Rfd1 Qb6
15. h3 Nge5 16. Nxe5 Nxe5 17. b3 Rb7 18. a4 Rab8 19. Be1 Qc7 20. Na2 Kf8 21.
Rdc1 Qb6 22. Kh2 Nd7 23. f4 Bd4 24. e4 Bf6 25. Bc3 Bxc3 26. Qxc3 Kg8 27. e5 Ra7
28. b4 Qc7 29. exd6 exd6 30. Qd2 Bc8 31. Nc3 Ba6 32. b5 Bc8 33. b6 Rxb6 34. Nb5
Qb8 35. Nxa7 Rxb1 36. Rxb1 Qxa7 37. Re1 Nf6 38. Qb2 Qa5 39. Re7 Kg7 40. g4 Qd8
41. Ra7 Kg8 42. Qb8 Nxg4+ 43. Kg1 Qe8 44. Re7 Qxe7 45. Qxc8+ Kg7 46. Qxg4 Qe1+
47. Bf1 Qe3+ 48. Kh2 Qd2+ 49. Kh1 Qxd5+ 50. Qg2 Qd4 51. a5 c4 52. a6 c3 53. Qc2
h5 54. Be2 d5 55. Qd3 Qc5 56. Bd1 d4 57. Kg1 Kf8 58. Kf2 Qa7 59. Bc2 Qc5 60.
Ke2 Kg7 61. Bb3 Qe7+ 62. Kd1 Kh6 63. Qxd4 Kh7 64. a7 Qa3 65. Bc2 Qa6 66. f5
Qf1# 0-1

[Event "Torneo Magistral Mario Dario López"]
[Site "Santa Cruz BOL"]
[Date "2008.03.20"]
[Round "1.5"]
[White "Pacheco, Daniel"]
[Black "Gutierrez, Carmelo"]
[Result "0-1"]
[WhiteElo "2318"]
[BlackElo "2310"]
[PlyCount "136"]
[EventDate "2008.03.20"]
[EventType "tourn"]
[EventRounds "9"]
[EventCountry "BOL"]
[EventCategory "4"]
[Source "lmi"]
[SourceDate "2008.03.20"]

1. d4 Nf6 2. Nf3 e6 3. c4 d5 4. g3 dxc4 5. Qa4+ c6 6. Qxc4 b5 7. Qc2 Bb7 8. Bg2
Nbd7 9. O-O c5 10. Nc3 a6 11. Rd1 Rc8 12. d5 Nxd5 13. Nxd5 Bxd5 14. e4 Ba8 15.
Ne5 Rc7 16. Be3 Qc8 17. Nxd7 Rxd7 18. Rxd7 Qxd7 19. Bxc5 Qc6 20. Rc1 Bxc5 21.
Qxc5 Qxc5 22. Rxc5 Kd7 23. f4 Rc8 24. Rxc8 Kxc8 25. Kf2 f6 26. Bh3 Kd7 27. e5
f5 28. Ke3 Bd5 29. a3 h5 30. Kd4 Kc6 31. Bf1 g6 32. Be2 Kb6 33. Bd1 Kc6 34. a4
a5 35. Kc3 Kc5 36. axb5 Kxb5 37. Be2+ Kc5 38. Ba6 Kb6 39. Bd3 Kc5 40. Be2 Bc6
41. Ba6 Bb5 42. Bc8 Kd5 43. b4 axb4+ 44. Kxb4 Be8 45. Kc3 Bc6 46. Kd3 Bb5+ 47.
Ke3 Bc6 48. Kd3 g5 49. fxg5 Kxe5 50. Ke3 h4 51. gxh4 f4+ 52. Kf2 Kf5 53. h3 Be8
54. Ba6 Bh5 55. Bd3+ Ke5 56. Bh7 Be8 57. g6 Kf6 58. h5 e5 59. Bg8 e4 60. Bd5
e3+ 61. Kf3 Bb5 62. Be4 Kg7 63. Kxf4 e2 64. Kg5 e1=Q 65. h6+ Kf8 66. g7+ Ke7
67. h7 Qg3+ 68. Kh6 Qh4+ 0-1

[Event "Torneo Magistral Mario Dario López"]
[Site "Santa Cruz BOL"]
[Date "2008.03.21"]
[Round "2.1"]
[White "Zambrana, Oswaldo"]
[Black "Trois, Francisco R.T"]
[Result "1-0"]
[WhiteElo "2492"]
[BlackElo "2352"]
[PlyCount "69"]
[EventDate "2008.03.20"]
[EventType "tourn"]
[EventRounds "9"]
[EventCountry "BOL"]
[EventCategory "4"]
[Source "lmi"]
[SourceDate "2008.03.20"]

1. e4 e5 2. Nf3 Nc6 3. Bc4 Nf6 4. d3 Be7 5. O-O O-O 6. Re1 d6 7. a4 Be6 8. Nc3
Qd7 9. Nd5 Nd4 10. Ng5 Bg4 11. f3 Bh5 12. Nxe7+ Qxe7 13. c3 Ne6 14. Nxe6 fxe6
15. Qb3 Bf7 16. Qxb7 d5 17. Ba2 Rfb8 18. Qa6 c5 19. Qa5 Rb6 20. exd5 exd5 21.
Be3 d4 22. cxd4 Bxa2 23. Rxa2 exd4 24. Bxd4 Re6 25. Bf2 Nd5 26. Raa1 Nf4 27.
Rxe6 Qxe6 28. Qb5 Rd8 29. Re1 Qf7 30. Bh4 Rf8 31. Bg3 Ne6 32. Qc6 Nd4 33. Qxc5
Rd8 34. Bf2 Ne6 35. Qxa7 1-0

[Event "Torneo Magistral Mario Dario López"]
[Site "Santa Cruz BOL"]
[Date "2008.03.21"]
[Round "2.2"]
[White "Sustach, Marcos Antonio"]
[Black "Monroy Carrizo, Javier"]
[Result "0-1"]
[WhiteElo "2254"]
[BlackElo "2242"]
[PlyCount "102"]
[EventDate "2008.03.20"]
[EventType "tourn"]
[EventRounds "9"]
[EventCountry "BOL"]
[EventCategory "4"]
[Source "lmi"]
[SourceDate "2008.03.20"]

1. e4 d6 2. f4 g6 3. Nc3 Bg7 4. Bc4 c6 5. Nf3 b5 6. Bb3 Nf6 7. d3 a5 8. a4 b4
9. Ne2 Qb6 10. Ng3 Na6 11. Qe2 Nc5 12. Bc4 Be6 13. Bxe6 Nxe6 14. Be3 Qc7 15.
Rd1 h5 16. f5 Nc5 17. fxg6 fxg6 18. b3 h4 19. Nf1 Ng4 20. Bg1 Ne6 21. Ng5 Nxg5
22. Qxg4 Bf6 23. Be3 Qd7 24. Qe2 h3 25. g3 O-O 26. Nd2 Qe6 27. O-O d5 28. Bf4
Rad8 29. Rde1 Nf7 30. e5 Bg7 31. Nf3 c5 32. d4 c4 33. Ng5 Nxg5 34. Bxg5 Rxf1+
35. Rxf1 Rc8 36. Bd2 cxb3 37. cxb3 Rc2 38. Qd3 Ra2 39. Bg5 Qg4 40. Bxe7 Bh6 41.
Bc5 Re2 42. Rf6 Kh7 43. Rf7+ Bg7 44. Rf1 Rg2+ 45. Kh1 Rb2 46. Kg1 Qg5 47. Bf8
Rd2 48. Qf3 Bxf8 49. Qxf8 Qe3+ 50. Kh1 Qe4+ 51. Qf3 Qxf3+ 0-1

[Event "Torneo Magistral Mario Dario López"]
[Site "Santa Cruz BOL"]
[Date "2008.03.21"]
[Round "2.3"]
[White "Rodriguez Vila, Andres"]
[Black "Coelho, Luis Henrique"]
[Result "0-1"]
[WhiteElo "2566"]
[BlackElo "2392"]
[PlyCount "72"]
[EventDate "2008.03.20"]
[EventType "tourn"]
[EventRounds "9"]
[EventCountry "BOL"]
[EventCategory "4"]
[Source "lmi"]
[SourceDate "2008.03.20"]

1. d4 Nf6 2. Bg5 Ne4 3. Bf4 c5 4. d5 Qb6 5. Nd2 Qxb2 6. Nxe4 Qb4+ 7. c3 Qxe4 8.
e3 g5 9. f3 Qg6 10. Bg3 Bg7 11. Rc1 d6 12. Bd3 Qh6 13. Qa4+ Nd7 14. Bf5 a6 15.
f4 b5 16. Qc2 Nf6 17. Bxc8 Rxc8 18. Qf5 Nd7 19. fxg5 Qg6 20. e4 Qxf5 21. exf5
Nb6 22. Ne2 Nxd5 23. O-O h6 24. f6 exf6 25. c4 bxc4 26. gxh6 Rxh6 27. Bxd6 f5
28. Bg3 Re6 29. Rxf5 Ne7 30. Rf2 Rd8 31. Kf1 c3 32. Rf3 Nd5 33. Bf2 Bh6 34. Rc2
Nb4 35. Rcxc3 Rd1+ 36. Be1 Bd2 0-1

[Event "Torneo Magistral Mario Dario López"]
[Site "Santa Cruz BOL"]
[Date "2008.03.21"]
[Round "2.4"]
[White "Gutierrez, Carmelo"]
[Black "Ferrufino, Boris"]
[Result "0-1"]
[WhiteElo "2310"]
[BlackElo "2199"]
[PlyCount "104"]
[EventDate "2008.03.20"]
[EventType "tourn"]
[EventRounds "9"]
[EventCountry "BOL"]
[EventCategory "4"]
[Source "lmi"]
[SourceDate "2008.03.20"]

1. e4 c5 2. Nf3 Nc6 3. d4 cxd4 4. Nxd4 Nf6 5. Nc3 e5 6. Ndb5 d6 7. Nd5 Nxd5 8.
exd5 Nb8 9. Qf3 a6 10. Qa3 b6 11. c4 Be7 12. Be3 Bb7 13. Nc3 Nd7 14. Bd3 O-O
15. Bf5 Rb8 16. O-O Bc8 17. Rac1 g6 18. Bc2 f5 19. Ba4 f4 20. Bd2 Nc5 21. Bc2
a5 22. f3 Ba6 23. b3 Bc8 24. Qb2 Bf5 25. a3 Bf6 26. Qb1 Bg7 27. b4 axb4 28.
axb4 Nd7 29. Nb5 Bxc2 30. Qxc2 Nf6 31. Ra1 Rb7 32. Ra6 Qd7 33. Qd3 g5 34. Rfa1
e4 35. fxe4 Ng4 36. R1a3 Ne5 37. Qf1 f3 38. Ra8 g4 39. g3 Qe7 40. Bf4 Qf6 41.
Rxf8+ Bxf8 42. Ra8 Qg6 43. Bxe5 dxe5 44. Qa1 Qxe4 45. Rxf8+ Kg7 46. Re8 Qe3+
47. Kh1 f2 48. Rg8+ Kxg8 49. Qa8+ Kg7 50. Qxb7+ Kg6 51. Qc6+ Kg5 52. h4+ gxh3
0-1

[Event "Torneo Magistral Mario Dario López"]
[Site "Santa Cruz BOL"]
[Date "2008.04.21"]
[Round "3.2"]
[White "Monroy Carrizo, Javier"]
[Black "Rodriguez Vila, Andres"]
[Result "0-1"]
[WhiteElo "2242"]
[BlackElo "2566"]
[PlyCount "146"]
[EventDate "2008.03.20"]
[EventType "tourn"]
[EventRounds "9"]
[EventCountry "BOL"]
[EventCategory "4"]
[Source "lmi"]
[SourceDate "2008.03.20"]

1. d4 f5 2. g3 Nf6 3. Bg2 g6 4. c4 Bg7 5. Nc3 O-O 6. Nh3 d6 7. d5 c5 8. Nf4 Na6
9. h4 Qe8 10. h5 Ng4 11. hxg6 hxg6 12. Ne6 Bxe6 13. dxe6 Rb8 14. Nd5 Nb4 15.
Rb1 b5 16. a3 Nxd5 17. Bxd5 bxc4 18. Bxc4 Bd4 19. e3 Qc6 20. f3 Bc3+ 21. Ke2
Ne5 22. Qd5 Rb6 23. Qxc6 Nxc6 24. Bd5 Bg7 25. b3 Rc8 26. Bd2 Ra6 27. a4 Rb6 28.
e4 Nd4+ 29. Kf2 Rf8 30. Kg2 fxe4 31. fxe4 Rf3 32. Bg5 Be5 33. Rh3 Kf8 34. g4
Rxh3 35. Kxh3 Bf6 36. Bh6+ Kg8 37. g5 Be5 38. Rf1 Rb8 39. Rf7 Re8 40. Kg2 a5
41. Kf2 Bh8 42. Ke3 Be5 43. Kd3 Bh8 44. Kc4 Be5 45. Kd3 Bh8 46. Ke3 Nc2+ 47.
Ke2 Nd4+ 48. Kd3 Be5 49. Kc4 Bh8 50. Bf8 Rxf8 51. Rxe7 Be5 52. Ra7 Re8 53. Rxa5
Bf4 54. b4 Bd2 55. Ra6 Bxb4 56. Rxd6 Kf8 57. a5 Bxa5 58. Kxc5 Nf3 59. e7+ Kg7
60. Ra6 Bc7 61. Bf7 Kxf7 62. Rf6+ Kxe7 63. Rxf3 Bd6+ 64. Kd5 Rc8 65. Re3 Rc5+
66. Kd4 Ke6 67. Rb3 Rxg5 68. Rb6 Rg1 69. Ke3 g5 70. Kf2 Rc1 71. Kf3 Rc3+ 72.
Kg2 g4 73. Rb5 g3 0-1

[Event "Torneo Magistral Mario Dario López"]
[Site "Santa Cruz BOL"]
[Date "2008.04.21"]
[Round "3.3"]
[White "Pacheco, Daniel"]
[Black "Zambrana, Oswaldo"]
[Result "0-1"]
[WhiteElo "2318"]
[BlackElo "2492"]
[PlyCount "116"]
[EventDate "2008.03.20"]
[EventType "tourn"]
[EventRounds "9"]
[EventCountry "BOL"]
[EventCategory "4"]
[Source "lmi"]
[SourceDate "2008.03.20"]

1. d4 d5 2. c4 c6 3. Nf3 Nf6 4. Nc3 e6 5. Bg5 h6 6. Bh4 dxc4 7. e3 b5 8. a4 Bb4
9. Be2 Bb7 10. O-O a6 11. Ne5 Nbd7 12. f4 Qb6 13. Kh1 O-O 14. Ne4 Rfe8 15.
Nxf6+ Nxf6 16. Bxf6 gxf6 17. Bh5 Re7 18. Qg4+ Kf8 19. f5 Bc8 20. Qf4 fxe5 21.
Qxh6+ Ke8 22. Qh8+ Kd7 23. fxe6+ fxe6 24. a5 Qa7 25. Rf8 Bb7 26. Raf1 exd4 27.
Rxa8 Bxa8 28. Rf8 Bb7 29. Rb8 Kd6 30. exd4 Bxa5 31. Be8 e5 32. Qf6+ Kc7 33.
Rxb7+ Qxb7 34. Qxe7+ Kb8 35. Qxe5+ Bc7 36. Qe4 c5 37. Bc6 Qc8 38. dxc5 Qh8 39.
g3 Bxg3 40. Qg2 Be5 41. Ba8 Qh7 42. Be4 Qg7 43. Qd2 Bd4 44. Bg2 Qe5 45. c6 Bb6
46. h3 Qe3 47. Qd1 Bc7 48. Bf3 Qf2 49. Bg2 Ka7 50. Qf3 Qxf3 51. Bxf3 Kb6 52.
Bd5 Kc5 53. Bf3 a5 54. Kg2 a4 55. Bd1 Kxc6 56. Kf3 Be5 57. Ke3 Bxb2 58. Kd2 a3
0-1

[Event "Torneo Magistral Mario Dario López"]
[Site "Santa Cruz BOL"]
[Date "2008.04.21"]
[Round "3.4"]
[White "Campero, Ronald"]
[Black "Gutierrez, Carmelo"]
[Result "1-0"]
[WhiteElo "2262"]
[BlackElo "2310"]
[PlyCount "161"]
[EventDate "2008.03.20"]
[EventType "tourn"]
[EventRounds "9"]
[EventCountry "BOL"]
[EventCategory "4"]
[Source "lmi"]
[SourceDate "2008.03.20"]

1. f4 c5 2. Nf3 g6 3. e3 Bg7 4. Be2 Nf6 5. O-O Nc6 6. Qe1 d5 7. d3 O-O 8. Nc3
d4 9. Ne4 b6 10. Nxf6+ exf6 11. e4 f5 12. exf5 Bxf5 13. h3 Re8 14. g4 Be6 15.
a3 Bd5 16. Qf2 f5 17. Bd2 Ne7 18. Rae1 Bc6 19. Nh4 Bf6 20. g5 Bg7 21. Bf3 Qd7
22. Bxc6 Qxc6 23. Qf3 Qxf3 24. Nxf3 Nd5 25. b3 Kf7 26. Kf2 Rxe1 27. Rxe1 Re8
28. Rxe8 Kxe8 29. h4 Bf8 30. Ne1 Bd6 31. Ng2 Kf7 32. Kg3 Ke6 33. h5 Ne7 34. h6
Kd5 35. Nh4 Ke6 36. Kf3 Kf7 37. Kg3 Nd5 38. Kf3 b5 39. Bc1 a6 40. Bd2 Bc7 41.
Kg3 Bb8 42. Kf3 Bd6 43. Kg3 c4 44. bxc4 bxc4 45. dxc4 Nb6 46. Bb4 Bb8 47. Nf3
Nxc4 48. Nxd4 Ba7 49. Nc6 Bb6 50. a4 Ne3 51. Ne5+ Kg8 52. c4 Bc7 53. Nd7 Nxc4
54. Nf6+ Kf7 55. Nxh7 Nb2 56. Bd2 Nxa4 57. Nf6 Bb6 58. Kf3 Bd4 59. Nd5 Nb2 60.
Bc3 Bxc3 61. Nxc3 Nc4 62. Ke2 Kg8 63. Kd3 Nd6 64. Kd4 Kh7 65. Nd5 Ne4 66. Kc4
Nf2 67. Nf6+ Kh8 68. Kb3 Nd3 69. Nd5 Nf2 70. Nc7 Kh7 71. Ne6 Kg8 72. Ka4 Ng4
73. Ka5 Nxh6 74. gxh6 Kh7 75. Kxa6 Kxh6 76. Kb5 Kh5 77. Kc4 Kg4 78. Kd4 g5 79.
fxg5 Kh5 80. Ke3 Kg6 81. Kf4 1-0

[Event "Torneo Magistral Mario Dario López"]
[Site "Santa Cruz BOL"]
[Date "2008.04.21"]
[Round "3.5"]
[White "Ferrufino, Boris"]
[Black "Lopez, Mario Iver"]
[Result "1/2-1/2"]
[WhiteElo "2199"]
[BlackElo "2279"]
[PlyCount "148"]
[EventDate "2008.03.20"]
[EventType "tourn"]
[EventRounds "9"]
[EventCountry "BOL"]
[EventCategory "4"]
[Source "lmi"]
[SourceDate "2008.03.20"]

1. d4 Nf6 2. Nf3 g6 3. Nbd2 Bg7 4. e4 d6 5. Bd3 O-O 6. O-O Nh5 7. g3 Bg4 8. c3
c5 9. Qb3 Qc8 10. dxc5 dxc5 11. Re1 Nc6 12. Bf1 h6 13. Bg2 b6 14. Nf1 Bh3 15.
Be3 Na5 16. Qc2 Nc4 17. Rad1 Nxe3 18. Rxe3 Bxg2 19. Kxg2 Qg4 20. Ng1 Rad8 21.
Rd2 c4 22. h3 Qc8 23. Ree2 Qc6 24. Nf3 b5 25. e5 e6 26. Qe4 Qxe4 27. Rxe4 Rxd2
28. N1xd2 g5 29. Rd4 Ra8 30. Rd7 Bf8 31. Ne4 a6 32. Nh2 Kg7 33. Ng4 Kg6 34. Kf3
Ng7 35. Ne3 Ne8 36. h4 gxh4 37. gxh4 Bg7 38. Kf4 h5 39. Nd6 f6 40. Nxe8 fxe5+
41. Kf3 Rxe8 42. Ra7 Rf8+ 43. Ke2 Bf6 44. Rxa6 Bxh4 45. Rxe6+ Rf6 46. Rxf6+
Bxf6 47. a4 bxa4 48. Nxc4 Kf5 49. Nb6 h4 50. Nxa4 h3 51. Kf3 e4+ 52. Kg3 Bh4+
53. Kxh3 Bxf2 54. Kg2 Bh4 55. Kf1 Ke5 56. Ke2 Kd5 57. b3 Bf6 58. Kd2 Bg5+ 59.
Kc2 Bf6 60. Nb6+ Kc6 61. Nc4 Kc5 62. Ne3 Bg5 63. Nd1 Kd5 64. Nb2 Be7 65. Nc4
Bg5 66. Nd2 Bf4 67. Nb1 Bd6 68. Nd2 Bf4 69. Nc4 Kc5 70. Kd1 Bg5 71. Nd2 Kd5 72.
Ke2 Bf6 73. Nb1 Kc5 74. Kf2 Bxc3 1/2-1/2

[Event "Torneo Magistral Mario Dario López"]
[Site "Santa Cruz BOL"]
[Date "2008.04.22"]
[Round "4.2"]
[White "Rodriguez Vila, Andres"]
[Black "Trois, Francisco R.T"]
[Result "1-0"]
[WhiteElo "2566"]
[BlackElo "2352"]
[PlyCount "61"]
[EventDate "2008.03.20"]
[EventType "tourn"]
[EventRounds "9"]
[EventCountry "BOL"]
[EventCategory "4"]
[Source "lmi"]
[SourceDate "2008.03.20"]

1. f4 d5 2. Nf3 g6 3. g3 Bg7 4. Bg2 c5 5. O-O Nc6 6. d3 Nf6 7. Nc3 d4 8. Na4
Nd7 9. c4 Rb8 10. a3 b6 11. Rb1 Bb7 12. b4 Qc7 13. Bd2 O-O 14. Qc2 Nd8 15. Rb2
f5 16. bxc5 bxc5 17. Rfb1 Nf7 18. Ba5 Qxa5 19. Rxb7 Rxb7 20. Rxb7 Rd8 21. Rb5
Qc7 22. Qb3 Bf6 23. Rb7 Qd6 24. Rxa7 Qe6 25. Kf1 Kg7 26. Ne1 g5 27. Bd5 Qd6 28.
Bxf7 Kxf7 29. fxg5 Bxg5 30. Nf3 Bc1 31. Qb7 1-0

[Event "Torneo Magistral Mario Dario López"]
[Site "Santa Cruz BOL"]
[Date "2008.04.22"]
[Round "4.3"]
[White "Zambrana, Oswaldo"]
[Black "Ferrufino, Boris"]
[Result "1-0"]
[WhiteElo "2492"]
[BlackElo "2199"]
[PlyCount "81"]
[EventDate "2008.03.20"]
[EventType "tourn"]
[EventRounds "9"]
[EventCountry "BOL"]
[EventCategory "4"]
[Source "lmi"]
[SourceDate "2008.03.20"]

1. e4 c5 2. Nf3 e6 3. d4 cxd4 4. Nxd4 a6 5. c4 Nf6 6. Nc3 Bb4 7. Nc2 Bxc3+ 8.
bxc3 Qa5 9. Qd3 Qe5 10. f3 d5 11. Qd4 Qxd4 12. cxd4 dxe4 13. fxe4 Nxe4 14. Bd3
Nf6 15. Ba3 Bd7 16. O-O Nc6 17. Rab1 O-O-O 18. Bd6 Be8 19. c5 Nd5 20. Rb3 Rxd6
21. cxd6 Nd8 22. Be4 Bc6 23. Bxd5 Bxd5 24. Rc3+ Kd7 25. Nb4 Kxd6 26. Rc8 Be4
27. Rfc1 a5 28. Nc2 f5 29. Na3 Bc6 30. Nc4+ Kd7 31. Ra8 Nf7 32. Ne5+ Nxe5 33.
Rxh8 Nd3 34. Rd1 Nb4 35. Rxh7 Nxa2 36. Rxg7+ Kd6 37. Ra1 Nc3 38. h4 a4 39. h5
Be4 40. h6 f4 41. Rxb7 1-0

[Event "Torneo Magistral Mario Dario López"]
[Site "Santa Cruz BOL"]
[Date "2008.04.22"]
[Round "4.4"]
[White "Coelho, Luis Henrique"]
[Black "Monroy Carrizo, Javier"]
[Result "1-0"]
[WhiteElo "2392"]
[BlackElo "2242"]
[PlyCount "95"]
[EventDate "2008.03.20"]
[EventType "tourn"]
[EventRounds "9"]
[EventCountry "BOL"]
[EventCategory "4"]
[Source "lmi"]
[SourceDate "2008.03.20"]

1. d4 Nf6 2. c4 c5 3. d5 b5 4. cxb5 g6 5. Nc3 Bg7 6. e4 d6 7. Nf3 O-O 8. Be2 a6
9. O-O axb5 10. Bxb5 Ba6 11. Nd2 Qb6 12. a4 Bxb5 13. Nxb5 Na6 14. Nc4 Qd8 15.
Re1 Nd7 16. Bd2 Nb4 17. Bc3 Nb6 18. Nxb6 Qxb6 19. Bxg7 Kxg7 20. Qd2 Rfc8 21.
Re3 f6 22. b3 Qa5 23. f4 c4 24. Nd4 Qa7 25. Rd1 Rab8 26. Rc3 Nd3 27. Qe3 Qa5
28. Rxc4 Rxc4 29. bxc4 Nb2 30. Rb1 Qxa4 31. Qc3 Qa2 32. Qc2 Qa7 33. Qf2 Qa2 34.
Qc2 Qa7 35. c5 Qa3 36. c6 Qe3+ 37. Qf2 Qxf2+ 38. Kxf2 Nd3+ 39. Ke3 Rxb1 40. c7
Rc1 41. Nc6 Nc5 42. c8=Q Re1+ 43. Kd2 Rxe4 44. g3 Rc4 45. Qe8 Re4 46. Nxe7 f5
47. Qg8+ Kh6 48. Nxf5+ 1-0

[Event "Torneo Magistral Mario Dario López"]
[Site "Santa Cruz BOL"]
[Date "2008.04.22"]
[Round "4.5"]
[White "Sustach, Marcos Antonio"]
[Black "Pacheco, Daniel"]
[Result "0-1"]
[WhiteElo "2254"]
[BlackElo "2318"]
[PlyCount "98"]
[EventDate "2008.03.20"]
[EventType "tourn"]
[EventRounds "9"]
[EventCountry "BOL"]
[EventCategory "4"]
[Source "lmi"]
[SourceDate "2008.03.20"]

1. e4 g6 2. Nc3 Bg7 3. f4 a6 4. a4 d6 5. Bc4 c6 6. d3 Nf6 7. Nf3 d5 8. Bb3 dxe4
9. dxe4 Qxd1+ 10. Kxd1 O-O 11. Ke2 a5 12. Be3 Na6 13. h3 Nd7 14. e5 Ndc5 15.
Bc4 Bf5 16. Nd4 Bd7 17. Rhd1 Nb4 18. Rd2 Rfc8 19. Rad1 Be8 20. Nf3 Nca6 21. Bb6
Nc7 22. Bc5 Ncd5 23. g3 Nxc3+ 24. bxc3 Nd5 25. Rd3 Bd7 26. Bxd5 cxd5 27. Bxe7
Bxa4 28. Rxd5 Bxc2 29. R1d2 Be4 30. Rc5 Rxc5 31. Bxc5 Rc8 32. Bd4 Bd5 33. Ne1
Bf8 34. Nd3 b5 35. Ke3 Be7 36. Rd1 Be6 37. Rb1 Bc4 38. Nb2 Bb3 39. Nd3 a4 40.
Nc1 Bc4 41. Nd3 a3 42. Kd2 Ra8 43. Nb4 Ra4 44. Ra1 a2 45. Nd3 Ba3 46. Bc5 Bxd3
47. Bxa3 Rxa3 48. Kxd3 b4 49. Kc4 b3 0-1

[Event "Torneo Magistral Mario Dario López"]
[Site "Santa Cruz BOL"]
[Date "2008.04.22"]
[Round "5.1"]
[White "Campero, Ronald"]
[Black "Zambrana, Oswaldo"]
[Result "1/2-1/2"]
[WhiteElo "2262"]
[BlackElo "2492"]
[PlyCount "106"]
[EventDate "2008.03.20"]
[EventType "tourn"]
[EventRounds "9"]
[EventCountry "BOL"]
[EventCategory "4"]
[Source "lmi"]
[SourceDate "2008.03.20"]

1. e4 c5 2. Nf3 d6 3. d3 Nc6 4. g3 g6 5. Bg2 Bg7 6. O-O e5 7. c3 Nge7 8. Nbd2
O-O 9. a4 d5 10. exd5 Nxd5 11. Nc4 Nb6 12. Be3 Qe7 13. a5 Nxc4 14. dxc4 Rd8 15.
Qa4 Nb8 16. Rfd1 Rxd1+ 17. Rxd1 Bd7 18. Qa3 Bf8 19. Rd5 Be6 20. Bxc5 Qe8 21.
Bxf8 Bxd5 22. cxd5 Qxf8 23. Qxf8+ Kxf8 24. Nxe5 Na6 25. d6 Rd8 26. Bxb7 Rxd6
27. b4 Nb8 28. c4 f6 29. Nf3 Rd1+ 30. Kg2 Ke7 31. b5 Kd6 32. Ng1 Kc5 33. Bd5
Ra1 34. a6 Nd7 35. Nf3 Nb6 36. Bg8 Nxc4 37. Bxh7 g5 38. h4 gxh4 39. gxh4 Kxb5
40. h5 Rxa6 41. Nd4+ Kc5 42. Nf5 Nd6 43. h6 Nxf5 44. Bxf5 Rb6 45. h7 Rb8 46.
Kf3 Kd6 47. Kg4 a5 48. Kh5 a4 49. Kg6 a3 50. Bb1 Ke5 51. Ba2 Rh8 52. Kg7 Rxh7+
53. Kxh7 Kf4 1/2-1/2

[Event "Torneo Magistral Mario Dario López"]
[Site "Santa Cruz BOL"]
[Date "2008.04.22"]
[Round "5.2"]
[White "Trois, Francisco R.T"]
[Black "Coelho, Luis Henrique"]
[Result "1/2-1/2"]
[WhiteElo "2352"]
[BlackElo "2392"]
[PlyCount "55"]
[EventDate "2008.03.20"]
[EventType "tourn"]
[EventRounds "9"]
[EventCountry "BOL"]
[EventCategory "4"]
[Source "lmi"]
[SourceDate "2008.03.20"]

1. d4 Nf6 2. Nf3 e6 3. c4 Bb4+ 4. Bd2 a5 5. e3 O-O 6. Bd3 d6 7. Nc3 Qe7 8. a3
Bxc3 9. Bxc3 Nbd7 10. b4 e5 11. dxe5 dxe5 12. e4 Nh5 13. g3 f5 14. Nd2 Ndf6 15.
O-O f4 16. Be2 g6 17. g4 f3 18. Bxf3 Nf4 19. Kh1 h5 20. gxh5 gxh5 21. Rg1+ Kh7
22. Rg5 Ng4 23. Rxh5+ Nxh5 24. Bxg4 Rxf2 25. Bf5+ Rxf5 26. exf5 Qh4 27. Qe1
Qxe1+ 28. Rxe1 1/2-1/2

[Event "Torneo Magistral Mario Dario López"]
[Site "Santa Cruz BOL"]
[Date "2008.04.22"]
[Round "5.3"]
[White "Pacheco, Daniel"]
[Black "Rodriguez Vila, Andres"]
[Result "1-0"]
[WhiteElo "2318"]
[BlackElo "2566"]
[PlyCount "79"]
[EventDate "2008.03.20"]
[EventType "tourn"]
[EventRounds "9"]
[EventCountry "BOL"]
[EventCategory "4"]
[Source "lmi"]
[SourceDate "2008.03.20"]

1. d4 f5 2. Nf3 Nf6 3. Bg5 e6 4. Nbd2 Be7 5. Bxf6 Bxf6 6. e4 O-O 7. Bd3 d5 8.
exf5 exf5 9. O-O Nc6 10. c3 Qd6 11. Re1 Bd7 12. Qc2 g6 13. Re2 Rae8 14. Rae1
Re4 15. Nf1 Rxe2 16. Rxe2 f4 17. h3 Nd8 18. N1h2 Nf7 19. h4 Kh8 20. h5 g5 21.
Bf5 Nh6 22. Bxd7 Qxd7 23. Ne5 Qc8 24. f3 Nf5 25. Nhg4 Be7 26. Re1 c6 27. Kf2
Bd6 28. b4 a5 29. a3 Qc7 30. Nd3 Qf7 31. h6 axb4 32. axb4 Qh5 33. Re6 Qh4+ 34.
Kg1 Ra8 35. Qa2 Rf8 36. Qa7 Qh5 37. Qxb7 Rb8 38. Rxd6 Re8 39. Nf6 Qxh6 40. Nxe8
1-0